[Event "TUR-chT2"]
[Site "Konya"]
[Date "2018.07.12"]
[Round "4.17"]
[White "Kiren, Halil"]
[Black "Turkmen, Yusuf Cagan"]
[Result "0-1"]
[WhiteElo "1628"]
[BlackElo "1769"]
[PlyCount "66"]
[EventDate "2018.07.10"]
[EventType "team-swiss"]
[EventRounds "9"]
[EventCountry "TUR"]
[SourceTitle "EXT 2019"]
[Source "ChessBase"]
[SourceDate "2018.10.10"]
[SourceVersion "1"]
[SourceVersionDate "2018.10.10"]
[SourceQuality "1"]
[WhiteTeam "Burdur Belediyesi"]
[BlackTeam "Ermenek Turkuaz Yelken"]
[WhiteTeamCountry "TUR"]
[BlackTeamCountry "TUR"]

1. d4 Nf6 2. Nf3 g6 3. c4 Bg7 4. Nc3 0-0 5. e4 d6 6. g3 Bg4 7. Bg2 Nc6 8. 0-0 Bxf3 9. Bxf3 Nd7 10. Be3 e5 11. dxe5 dxe5 12. Qd2 Nd4 13. Bg2 c6 14. Rad1 Nb6 15. b3 Qd7 16. f4 Rad8 17. Qf2 f5 18. exf5 Rxf5 19. Rfe1 Qc7 20. Bh3 Rff8 21. Bg2 Nc8 22. Qb2 Nd6 23. fxe5 N6f5 24. Bf4 Ne6 25. Qc2 Nxf4 26. gxf4 Nd4 27. Qe4 Ne6 28. Ne2 Qf7 29. Rxd8 Rxd8 30. Bf3 Rd2 31. a4 Bf8 32. Kh1 Bc5 33. Bg4 Qe7 0-1

[Event "TUR-chT2"]
[Site "Konya"]
[Date "2018.07.10"]
[Round "1.7"]
[White "Kilic, Ihsan"]
[Black "Kiren, Halil"]
[Result "1-0"]
[WhiteElo "1959"]
[BlackElo "1628"]
[PlyCount "89"]
[EventDate "2018.07.10"]
[EventType "team-swiss"]
[EventRounds "9"]
[EventCountry "TUR"]
[SourceTitle "EXT 2019"]
[Source "ChessBase"]
[SourceDate "2018.10.10"]
[SourceVersion "1"]
[SourceVersionDate "2018.10.10"]
[SourceQuality "1"]
[WhiteTeam "Ceylanpinar Belediyesi"]
[BlackTeam "Burdur Belediyesi"]
[WhiteTeamCountry "TUR"]
[BlackTeamCountry "TUR"]

1. c4 g6 2. g3 Bg7 3. Bg2 Nf6 4. Nc3 0-0 5. d4 d6 6. e4 Nbd7 7. Nge2 e5 8. 0-0 Nh5 9. Be3 b6 10. Qd2 Bb7 11. Bh6 a5 12. Rac1 f5 13. Bxg7 Nxg7 14. f4 exd4 15. Nxd4 Nc5 16. exf5 Bxg2 17. Qxg2 Nxf5 18. Nc6 Qd7 19. Qd5+ Kh8 20. a3 Rae8 21. Nd1 Re2 22. Qf3 Rfe8 23. Ne5 dxe5 24. Qxe2 exf4 25. Qg2 fxg3 26. hxg3 Qd4+ 27. Kh2 Nd3 28. Rc3 Ne5 29. Qd5 Ng4+ 30. Kh1 Qg7 31. Qd2 Qe5 32. Rg1 Nfe3 33. Re1 Qxg3 34. Rcxe3 Nxe3 35. Qd4+ Kg8 36. Rxe3 Rxe3 37. Nxe3 h5 38. Nf1 Qf3+ 39. Kg1 Qf7 40. Ng3 Kh7 41. Ne4 Kh6 42. Qh8+ Qh7 43. Qxh7+ Kxh7 44. Nf6+ Kg7 45. Ne8+ 1-0

[Event "TUR Cup										"]
[Site "Antalya"]
[Date "2018.01.31"]
[Round "7"]
[White "Kiren, Halil"]
[Black "Yakar, Azat"]
[Result "1-0"]
[WhiteElo "1643"]
[BlackElo "1279"]
[PlyCount "56"]
[EventDate "2018.01.27"]
[EventType "swiss"]
[EventRounds "11"]
[EventCountry "TUR"]
[SourceTitle "CBM 182 Extra"]
[Source "ChessBase"]
[SourceDate "2018.02.23"]
[SourceVersion "1"]
[SourceVersionDate "2018.02.23"]
[SourceQuality "1"]

1. d4 Nf6 2. Nf3 g6 3. c4 c5 4. e3 cxd4 5. exd4 d5 6. Nc3 Bg7 7. Qb3 dxc4 8. Bxc4 0-0 9. d5 Nbd7 10. Be3 Ng4 11. Bd4 Bxd4 12. Nxd4 Qb6 13. Rd1 Qxb3 14. Bxb3 Nb6 15. 0-0 Bd7 16. Rfe1 Rfe8 17. Ndb5 Bxb5 18. Nxb5 Rac8 19. d6 exd6 20. Nxd6 Rxe1+ 21. Rxe1 Rc7 22. Ne8 Rc8 23. Nd6 Rc7 24. h3 Nh6 25. g4 Rd7 26. Ne8 Kf8 27. Nf6 Rd4 28. g5 Nf5 1-0

[Event "TUR Cup										"]
[Site "Antalya"]
[Date "2018.01.30"]
[Round "6"]
[White "Suzan, Ufuk"]
[Black "Kiren, Halil"]
[Result "1-0"]
[WhiteElo "1821"]
[BlackElo "1643"]
[PlyCount "45"]
[EventDate "2018.01.27"]
[EventType "swiss"]
[EventRounds "11"]
[EventCountry "TUR"]
[SourceTitle "CBM 182 Extra"]
[Source "ChessBase"]
[SourceDate "2018.02.23"]
[SourceVersion "1"]
[SourceVersionDate "2018.02.23"]
[SourceQuality "1"]

1. e4 c6 2. d4 d5 3. Nc3 dxe4 4. Nxe4 Bf5 5. Ng3 Bg6 6. h4 h6 7. Nh3 Nf6 8. Nf4 Bh7 9. Bc4 e6 10. 0-0 Bd6 11. Re1 0-0 12. h5 Nbd7 13. Bd3 Bxd3 14. Qxd3 Qc7 15. Nfe2 Nxh5 16. Nxh5 Qa5 17. Bf4 Bxf4 18. Nexf4 g5 19. Nxe6 Rfe8 20. c3 Rxe6 21. Rxe6 fxe6 22. Qg6+ Kf8 23. Qxe6 1-0

[Event "TUR-chT2"]
[Site "Konya"]
[Date "2017.07.15"]
[Round "9.20"]
[White "Kiren, Halil"]
[Black "Erdem, Salih"]
[Result "0-1"]
[WhiteElo "1673"]
[BlackElo "1595"]
[PlyCount "84"]
[EventDate "2017.07.09"]
[EventType "team-swiss"]
[EventRounds "9"]
[EventCountry "TUR"]
[SourceTitle "CBM 179 Extra"]
[Source "ChessBase"]
[SourceDate "2017.08.23"]
[SourceVersion "1"]
[SourceVersionDate "2017.08.23"]
[SourceQuality "1"]
[WhiteTeam "Burdur Belediyesi"]
[BlackTeam "Ataturk Univ"]
[WhiteTeamCountry "TUR"]
[BlackTeamCountry "TUR"]

1. d4 d5 2. c4 e5 3. dxe5 d4 4. Nf3 Nc6 5. g3 Nge7 6. Bg2 Ng6 7. 0-0 Ngxe5 8. b3 Nxf3+ 9. Bxf3 Ne5 10. Bg2 c5 11. f4 Nc6 12. e3 g6 13. exd4 Qxd4+ 14. Qxd4 Nxd4 15. Re1+ Be6 16. Na3 Bg7 17. Rb1 0-0-0 18. Bb2 Bf5 19. Be4 Bg4 20. Kf2 Rhe8 21. Bd5 Bh8 22. Rxe8 Rxe8 23. Re1 Rxe1 24. Kxe1 a6 25. Bc1 Bf5 26. Bxf7 Nf3+ 27. Kf2 Nxh2 28. Bd5 Bd4+ 29. Kg2 Ng4 30. Bf3 Nf2 31. Be2 Nd3 32. Bxd3 Bxd3 33. Kf3 Kd7 34. Be3 Kd6 35. Bc1 h5 36. g4 Ke6 37. f5+ gxf5 38. gxh5 Kf7 39. h6 Be4+ 40. Ke2 f4 41. Kd1 Kg6 42. Ke1 f3 0-1

[Event "TUR-chT2"]
[Site "Konya"]
[Date "2017.07.10"]
[Round "3.19"]
[White "Guner, Sati Emre"]
[Black "Kiren, Halil"]
[Result "1-0"]
[WhiteElo "1954"]
[BlackElo "1673"]
[PlyCount "59"]
[EventDate "2017.07.09"]
[EventType "team-swiss"]
[EventRounds "9"]
[EventCountry "TUR"]
[SourceTitle "CBM 179 Extra"]
[Source "ChessBase"]
[SourceDate "2017.08.23"]
[SourceVersion "1"]
[SourceVersionDate "2017.08.23"]
[SourceQuality "1"]
[WhiteTeam "Cesme Yelken"]
[BlackTeam "Burdur Belediyesi"]
[WhiteTeamCountry "TUR"]
[BlackTeamCountry "TUR"]

1. e4 c6 2. d4 d5 3. exd5 cxd5 4. Bd3 Nf6 5. c3 Nc6 6. Bf4 g6 7. Nf3 Bg7 8. 0-0 0-0 9. Re1 Bd7 10. h3 Re8 11. Nbd2 Qb6 12. Rb1 Rac8 13. Ne5 Be6 14. Nb3 Nxe5 15. dxe5 Nd7 16. Nd4 a6 17. Bc2 Rcd8 18. Ba4 Rf8 19. Bg5 Rfe8 20. Be3 Rc8 21. f4 h5 22. f5 gxf5 23. Nxf5 Qc7 24. Nxg7 Kxg7 25. Qxh5 Rh8 26. Qg5+ Kf8 27. Bd4 Qc4 28. Bxd7 Bxd7 29. e6 f6 30. Bxf6 1-0

[Event "Manavgat Turkey Cup"]
[Site "Manavgat"]
[Date "2015.02.03"]
[Round "6"]
[White "Kiren, Halil"]
[Black "Menken, Ekin"]
[Result "1/2-1/2"]
[WhiteElo "1691"]
[BlackElo "1521"]
[PlyCount "61"]
[EventDate "2015.01.31"]
[EventType "swiss"]
[EventRounds "11"]
[EventCountry "TUR"]
[SourceTitle "CBM 164 Extra"]
[Source "ChessBase"]
[SourceDate "2015.03.02"]
[SourceVersion "1"]
[SourceVersionDate "2015.03.02"]
[SourceQuality "1"]

1. d4 Nf6 2. Nf3 g6 3. c4 Bg7 4. Nc3 d5 5. e3 0-0 6. Bd3 Na6 7. Qb3 e6 8. 0-0 c5 9. Rd1 cxd4 10. exd4 dxc4 11. Bxc4 Nc7 12. Ne5 Nd7 13. Bf4 a6 14. a4 Qe7 15. Re1 Nxe5 16. Bxe5 Bxe5 17. dxe5 Qc5 18. Rad1 Rb8 19. Bf1 b5 20. axb5 axb5 21. Rd6 f6 22. Qd1 fxe5 23. Ne4 Qb4 24. Rd8 Nd5 25. Rxd5 exd5 26. Qxd5+ Kg7 27. Qxe5+ Kh6 28. Qg5+ Kg7 29. Qe5+ Kh6 30. Qg5+ Kg7 31. Qe5+ 1/2-1/2

[Event "FICGS W-ch st1 g19 email"]
[Site "FICGS email"]
[Date "2006.07.27"]
[Round "1"]
[White "Kiren, Halil"]
[Black "Kobayashi, Tetsuya"]
[Result "1-0"]
[WhiteElo "1700"]
[BlackElo "1480"]
[PlyCount "43"]
[EventDate "2006.??.??"]
[EventType "tourn (corr)"]
[EventRounds "8"]
[SourceTitle "Corr 2022"]
[Source "ChessBase"]
[SourceDate "2021.10.24"]
[SourceVersion "1"]
[SourceVersionDate "2021.10.24"]
[SourceQuality "1"]

1. d4 Nf6 2. c4 g6 3. Nf3 d6 4. Nc3 Bg7 5. e4 0-0 6. Be2 Bg4 7. Be3 c5 8. d5 Nbd7 9. 0-0 Ne8 10. Nd2 Bxe2 11. Qxe2 f5 12. f3 fxe4 13. Ndxe4 Ne5 14. Rac1 a6 15. f4 Nd7 16. Rce1 Nc7 17. a4 e5 18. Nxd6 exf4 19. Bxf4 Bxc3 20. bxc3 Nb6 21. Nxb7 Qc8 22. Nxc5 1-0

[Event "FICGS W-ch st1 g19 email"]
[Site "FICGS email"]
[Date "2006.07.27"]
[Round "1"]
[White "Stibal, George"]
[Black "Kiren, Halil"]
[Result "0-1"]
[WhiteElo "2142"]
[BlackElo "1700"]
[PlyCount "28"]
[EventDate "2006.??.??"]
[EventType "tourn (corr)"]
[EventRounds "8"]
[SourceTitle "Corr 2022"]
[Source "ChessBase"]
[SourceDate "2021.10.24"]
[SourceVersion "1"]
[SourceVersionDate "2021.10.24"]
[SourceQuality "1"]

1. e4 d6 2. d4 Nf6 3. Nc3 g6 4. f4 Bg7 5. Nf3 c5 6. Bb5+ Bd7 7. e5 Ng4 8. Qe2 0-0 9. 0-0 Bxb5 10. Nxb5 a6 11. Nc3 Qc7 12. Ng5 Nh6 13. Nd5 Qd8 14. Be3 dxe5 0-1

[Event "FICGS class D 000007 email"]
[Site "FICGS email"]
[Date "2006.07.14"]
[Round "1"]
[White "Kiren, Halil"]
[Black "Payne, David J"]
[Result "1-0"]
[WhiteElo "1700"]
[BlackElo "1600"]
[PlyCount "23"]
[EventDate "2006.??.??"]
[EventType "tourn (corr)"]
[EventRounds "6"]
[SourceTitle "Corr 2022"]
[Source "ChessBase"]
[SourceDate "2021.10.24"]
[SourceVersion "1"]
[SourceVersionDate "2021.10.24"]
[SourceQuality "1"]

1. d4 Nf6 2. c4 c5 3. d5 b5 4. cxb5 a6 5. bxa6 d6 6. Nc3 Bxa6 7. g3 g6 8. Bg2 Bg7 9. Nf3 0-0 10. 0-0 Qc7 11. Qc2 Nbd7 12. Rd1 1-0

[Event "FICGS class D 000007 email"]
[Site "FICGS email"]
[Date "2006.07.14"]
[Round "1"]
[White "Kiren, Halil"]
[Black "Riha, Josef"]
[Result "0-1"]
[WhiteElo "1700"]
[BlackElo "1592"]
[PlyCount "52"]
[EventDate "2006.??.??"]
[EventType "tourn (corr)"]
[EventRounds "6"]
[SourceTitle "Corr 2022"]
[Source "ChessBase"]
[SourceDate "2021.10.24"]
[SourceVersion "1"]
[SourceVersionDate "2021.10.24"]
[SourceQuality "1"]

1. d4 d5 2. c4 dxc4 3. Nf3 Nf6 4. e3 e6 5. Bxc4 c5 6. 0-0 a6 7. Qe2 b5 8. Bb3 Bb7 9. Rd1 Nbd7 10. a4 Qb8 11. axb5 axb5 12. Rxa8 Bxa8 13. Bc2 Bd6 14. dxc5 Nxc5 15. Na3 Bxf3 16. Qxf3 Bxh2+ 17. Kh1 Bd6 18. Qc6+ Ke7 19. Nxb5 Nce4 20. Bxe4 Nxe4 21. Kg1 Rc8 22. Qxe4 Qxb5 23. Qh4+ Kf8 24. Qxh7 Qe2 25. Rf1 Rc5 26. Qh8+ Ke7 0-1

[Event "FICGS class C 000008 email"]
[Site "FICGS email"]
[Date "2006.07.14"]
[Round "1"]
[White "Schmid, Pablo"]
[Black "Kiren, Halil"]
[Result "1-0"]
[WhiteElo "1736"]
[BlackElo "1700"]
[PlyCount "35"]
[EventDate "2006.??.??"]
[EventType "tourn (corr)"]
[EventRounds "4"]
[SourceTitle "Corr 2022"]
[Source "ChessBase"]
[SourceDate "2021.10.24"]
[SourceVersion "1"]
[SourceVersionDate "2021.10.24"]
[SourceQuality "1"]

1. d4 Nf6 2. f3 d5 3. e4 dxe4 4. Nc3 exf3 5. Nxf3 e6 6. Bg5 Be7 7. Bd3 Nc6 8. a3 0-0 9. Qd2 b6 10. Qf4 Re8 11. Bxf6 Bxf6 12. Qe4 Bb7 13. Qxh7+ Kf8 14. 0-0-0 Nxd4 15. Be4 c6 16. g4 Qd6 17. g5 Be5 18. Nxd4 1-0

[Event "FICGS class D 000007 email"]
[Site "FICGS email"]
[Date "2006.07.14"]
[Round "1"]
[White "Schmid, Pablo"]
[Black "Kiren, Halil"]
[Result "1-0"]
[WhiteElo "1736"]
[BlackElo "1700"]
[PlyCount "27"]
[EventDate "2006.??.??"]
[EventType "tourn (corr)"]
[EventRounds "6"]
[SourceTitle "Corr 2022"]
[Source "ChessBase"]
[SourceDate "2021.10.24"]
[SourceVersion "1"]
[SourceVersionDate "2021.10.24"]
[SourceQuality "1"]

1. d4 d5 2. e4 c6 3. Nc3 dxe4 4. Bc4 Nf6 5. f3 b5 6. Bb3 e6 7. a3 c5 8. Nxb5 Nc6 9. Be3 Qa5+ 10. Nc3 Bb7 11. d5 Rd8 12. fxe4 exd5 13. exd5 Ne5 14. Ba4+ 1-0

[Event "FICGS rapid B 000009 email"]
[Site "FICGS email"]
[Date "2006.07.11"]
[Round "1"]
[White "Kiren, Halil"]
[Black "Colter, Nigel"]
[Result "0-1"]
[WhiteElo "1700"]
[BlackElo "1700"]
[PlyCount "64"]
[EventDate "2006.??.??"]
[EventType "tourn (rapid)"]
[EventRounds "6"]
[SourceTitle "Corr 2022"]
[Source "ChessBase"]
[SourceDate "2021.10.24"]
[SourceVersion "1"]
[SourceVersionDate "2021.10.24"]
[SourceQuality "1"]

1. d4 e6 2. c4 f5 3. g3 Nf6 4. Bg2 Be7 5. Nf3 0-0 6. 0-0 c6 7. Nc3 d5 8. b3 Ne4 9. Qc2 Nd7 10. Rd1 Qe8 11. Bf4 Qh5 12. a3 g5 13. Bc7 Ndf6 14. Ne5 Bd7 15. f3 Nd6 16. Nxd7 Nxd7 17. Bxd6 Bxd6 18. e4 fxe4 19. fxe4 Nf6 20. exd5 exd5 21. cxd5 Ng4 22. h3 Ne3 23. Qd3 Nxd1 24. Rxd1 cxd5 25. Bxd5+ Kh8 26. Kg2 Rac8 27. g4 Qe8 28. Ne4 Qe7 29. Nxd6 Qxd6 30. Bxb7 Rb8 31. Bf3 Qxa3 32. Qe3 Rbe8 0-1